Mechanizmus riadenia investičného procesu záverečná správa ŠPZV IX-2-2/8

Salvato in:
Dettagli Bibliografici
Natura: Libro
Lingua:slovacco
Pubblicazione: Bratislava VŠE 1989
Tags: Aggiungi Tag
Nessun Tag, puoi essere il primo ad aggiungerne!!

MARC

LEADER 00000nam a2200000 4500
001 c026162
005 20260325122640.3
041 0 |a slo 
044 |a SK 
245 1 0 |a Mechanizmus riadenia investičného procesu  |b záverečná správa ŠPZV IX-2-2/8 
264 1 |a Bratislava  |b VŠE  |c 1989 
300 |a 130 s.